Normal view
MARC view
Entry Geographic Name
001 - CONTROL NUMBER
- control field: 50787
003 - CONTROL NUMBER IDENTIFIER
- control field: ARRUPE
005 - DATE AND TIME OF LATEST TRANSACTION
- control field: 20211028104142.0
008 - FIXED-LENGTH DATA ELEMENTS
- fixed length control field: 211028|| aca||aabn | a|a d
040 ## - CATALOGING SOURCE
- Original cataloging agency: ARRUPE
- Transcribing agency: ARRUPE
151 ## - HEADING--GEOGRAPHIC NAME
- Geographic name: South Africa
- General subdivision: History, Military
- Chronological subdivision: 1961-
670 ## - SOURCE DATA FOUND
- Source citation: Work cat.: (ARRUPE)0: Hamann, Hilton. 50786, Days of the generals :, 2001.